The wall paintings of Thera : proceedings of the first international symposium : Petros M. Nomikos conference centre Thera, Hellas, 30 August - 4 September 1997
Αποθηκεύτηκε σε:
| Συγγραφή απο Οργανισμό/Αρχή: | |
|---|---|
| Άλλοι συγγραφείς: | |
| Μορφή: | Πρακτικό Συνεδρίου Βιβλίο |
| Γλώσσα: | English |
| Δημοσίευση: |
Athens :
The Thera Foundation,
c2000.
|
| Θέματα: | |
| Ετικέτες: |
Προσθήκη ετικέτας
Δεν υπάρχουν, Καταχωρήστε ετικέτα πρώτοι!
|
MARC
| LEADER | 00000cam a2200000 i 4500 | ||
|---|---|---|---|
| 001 | 1/103806 | ||
| 008 | 090406s2000 gr ||||| ||||||| ||eng|| | ||
| 020 | |a 0960-86580-0-4 (v.1) | ||
| 020 | |a 0960-86580-1-2 (v.2) | ||
| 035 | |l 10104190 | ||
| 040 | |a GR-MyUa |b gre |e AACR2 | ||
| 041 | 0 | |a eng | |
| 082 | 7 | |a 938.113 |2 (22) | |
| 111 | 2 | |a International Symposium on the Wall Paintings of Thera |n (1st : |d 1997 : |c Thera) | |
| 245 | 1 | 4 | |a The wall paintings of Thera : |b proceedings of the first international symposium : Petros M. Nomikos conference centre Thera, Hellas, 30 August - 4 September 1997 / |c editor: S. Sherratt. |
| 260 | |a Athens : |b The Thera Foundation, |c c2000. | ||
| 300 | |a 3 τ. : |b εικ. (μερικές έγχρ.), χάρ., σχ. ; |c 28 εκ. + |e 4 χάρτες | ||
| 504 | |a Περιλαμβάνει βιβλιογραφίες. | ||
| 650 | 0 | |a Mural painting and decoration, Minoan |z Greece |z Santorini Island |x Congresses. | |
| 651 | 0 | |a Santorini Island (Greece) |x Antiquities |x Congresses. | |
| 700 | 1 | |a Sherratt, Susan, |e edtf | |
| 852 | |a INST |b SYROS |c KYK |e 20090406 |h 938.113 INT |p 005500008521 |q 005500008521 |t BK |v τ.2: |y 0 |z τ.2 | ||
| 852 | |a INST |b SYROS |c KYK |e 20090406 |h 938.113 INT |p 005500008522 |q 005500008522 |t BK |v τ.3: |y 0 |z τ.3 | ||
| 852 | |a INST |b SYROS |c KYK |e 20090406 |h 938.113 INT |p 005500008525 |q 005500008525 |t BK |v τ.1: |y 0 |z τ.1 | ||
| 853 | |a INST |b SYROS |c KYK |h 938.113 INT | ||
| 901 | |a BIBL5-2009-1 | ||
| 922 | |a 5ΕΛΗ |b 200705 |c ΕΠΕΑΕΚ2/ΤΜΣΠΣ |d Σ. Πατάκης | ||
| 970 | |a Καγιαβά |b Ειρήνη |z 06/04/2009 | ||